=LDR 00000nam 2200000 4500 =001 INLIS000000000040862 =005 20130612150423 =008 ***********************************ind** =035 ##$$0010-061300000040862 =041 ##$$a ind =082 ##$$a 808.83 =090 ##$$a 808.83 , Can ,c =100 ##$$a Sanfield, Jack =245 ##$$a Chikensoap for the madher dan daughter soul , JackCanfield =260 ##$$a 2009 $b Jakarta =300 ##$$a 194 hlm. 23 cm =650 ##$$a CERITA HISTORIS =700 ##$$a SYAHRANI, Femmy =850 ##$$a NBPNMAT